LEADER 01316nam a2200301 a 4500 001 000000138077 003 CaOOAMICUS 005 20140409103657.0 008 140409s2013 it u000 u ita r 020 $a978-88-13-34394-1 040 $aPUL$bita 082 04$a346.45 100 1 $aBenacchio, Giannantonio.$0(OLS)http://pul/name/89067 245 10$aDiritto privato della Unione europea :$bfonti, modelli, regole /$cGiannantonio Benacchio ; hanno collaborato all'aggiornamento del presente volume: Michele Carpagnano ... [et al.]. 250 $a6. ed. 260 $aPadova :$bCEDAM,$c2013. 300 $aXI, 538 p. ;$c24 cm 504 $aBibliografia in nota. 650 4$aDiritto privato$zEuropa.$0(OLS)http://pul/subject/20861 700 1 $aCarpagnano, Michele.$0(OLS)http://pul/name/89068 850 $aPUL 852 $aPUL$W1$xSL Diritto e Scienze Sociali 3$y79$m346. 45 BENGI 1$j159156$qDDC 21$B158702$CPULBib$Z2$F158702 $H123805 $82 941 1 $a9 996 $6020$a978-88-13-34394-1$9(OLS)http://pul/number/155052 996 $6082$a346.45$9(OLS)http://pul/classification/372 996 $6245$aDiritto privato della Unione europea :$bfonti, modelli, regole$9(OLS)http://pul/title/174827 996 $6260$aPadova :$bCEDAM$9(OLS)http://pul/publisher/48126 LEADER 02072nam a2200397 a 4500 001 000000108410 003 CaOOAMICUS 005 20170120125937.0 008 071123m20069999it u000 u ita r 020 $a88-311-9186-1 (v. 1) 020 $a978-88-311-9187-6 (v. 2)* 032 $aLibriCat 040 $aPUL$bita$dLDB 041 1 $aita$alat 100 0 $aBernardus,$cs., abate di Clairvaux,$d1091-1153.$0(OLS)http://pul/name/1611 245 10$aSermoni sul Cantico dei Cantici /$cSan Bernardo. 260 $aMilano :$bScriptorium Claravallense. Fondazione di Studi Cistercensi,$c<2006->. 300 $av. <1-2> ;$c25 cm. 490 1 $aOpere di San Bernardo ;$v5/1-2 500 $aTesto latino a fronte. 500 $aVolume 2 in custodia. 505 1 $aV. 2. XXXVI-LXXXVI. 700 0 $aBernardus,$cs., abate di Clairvaux,$d1091-1153.$tSermones in Cantica Canticorum.$0(OLS)http://pul/nameTitle/643$0(OLS)http://pul/name/1611$0(OLS)http://pul/title/4741 800 0 $aBernardus,$cs., abate di Clairvaux,$d1091-1153.$tOpere ;$v1.$0(OLS)http://pul/nameTitle/9$0(OLS)http://pul/name/1612$0(OLS)http://pul/title/2170 830 0$aOpere di San Bernardo (Scriptorium claravellense) ;$v5/1-2.$0(OLS)http://pul/title/196985 850 $aPUL 852 $aPUL$W1$xSL Religione 1$y3$m77 G 1.5.1$j123546$av. 1$qStampati$B122487$CPULBib$Z2$F122487 $H103464 $82 852 $aPUL$W1$xSL Religione 1$y3$m77 G 1.5.2$j181334$bv. 2$qStampati$B184475$CPULBib$Z2$F184475 $H128777 $81 900 $aBernardo di Chiaravalle,$cs.,$d1091-1153$91611 900 $aBernardo di Chiaravalle,$cs.,$d1091-1153$91611 941 1 $a8 996 $6020$a88-311-9186-1 (v. 1)$9(OLS)http://pul/number/136340 996 $6020$a978-88-311-9187-6 (v. 2)*$9(OLS)http://pul/number/161814 996 $6245$aSermoni sul Cantico dei Cantici$9(OLS)http://pul/title/136418 996 $6260$aMilano :$bScriptorium Claravallense. Fondazione di Studi Cistercensi$9(OLS)http://pul/publisher/48744